00582nam a2200157Ia 4500008004100000020001800041041000800059082001300067100002500080245003700105260005300142300001400195906001400209999001700223952018400240220530s9999 xx 000 0 und d a9788129131034 aeng a820bGUP aGupta Ruchira957580 aThe Essential As if Women Matter aNew DelhibRupa Publication India Pvt Ltd c2014 a275 PbPB a98.75bGB c51958d51958 001040708Non Technical aCEWNbCEWNd2014-05-06eAllied Publisher Pvt. Ltd.g395.00l2o820/GUP/ pCEWN-BK-5667r2025-07-14 00:00:00s2025-06-26v296.25w2022-05-30yBKz005667